[Event "4NCL Division 4 South"]
[Site "Reading, ENG"]
[Date "2017.11.12"]
[Round "2.202"]
[White "Cook, Brian"]
[Black "Lightfoot, Malcolm J"]
[Result "1/2-1/2"]
[WhiteElo "1712"]
[BlackElo "1883"]
[PlyCount "24"]
[EventDate "2017.11.12"]
[WhiteTeam "Brown Jack 3"]
[BlackTeam "Iceni 2"]

1. f4 c5 2. b3 Nc6 3. Nf3 e6 4. Bb2 Nf6 5. e3 a6 6. Be2 Be7 7. O-O O-O 8. Qe1
d5 9. d3 Qc7 10. h3 d4 11. exd4 Qxf4 12. Bc1 Qc7 1/2-1/2

[Event "4NCL Division 4 South"]
[Site "Reading, ENG"]
[Date "2017.11.12"]
[Round "2.205"]
[White "Ortiz Sanchez, Luis"]
[Black "Dray-Pearce, Tristan"]
[Result "1/2-1/2"]
[WhiteElo "1868"]
[BlackElo "1640"]
[PlyCount "44"]
[EventDate "2017.11.12"]
[WhiteTeam "Iceni 2"]
[BlackTeam "Brown Jack 3"]

1. c4 Nf6 2. Nf3 g6 3. Nc3 Bg7 4. e4 d6 5. d4 O-O 6. Be2 e5 7. d5 Ne8 8. Bg5
Bf6 9. Bxf6 Qxf6 10. b4 a5 11. a3 b6 12. O-O Qg7 13. Nd2 f5 14. Nb3 f4 15. bxa5
g5 16. axb6 cxb6 17. Bg4 Nf6 18. h3 Bxg4 19. hxg4 h5 20. f3 hxg4 21. Kf2 g3+
22. Ke2 Rc8 1/2-1/2

[Event "4NCL Division 4 South"]
[Site "Reading, ENG"]
[Date "2017.11.12"]
[Round "2.208"]
[White "Ashraf, Zoha"]
[Black "Donaghay, Richard H"]
[Result "0-1"]
[WhiteElo "1360"]
[BlackElo "1839"]
[PlyCount "74"]
[EventDate "2017.11.12"]
[WhiteTeam "Brown Jack 3"]
[BlackTeam "Iceni 2"]

1. e4 d5 2. exd5 Qxd5 3. Nc3 Qd8 4. Nf3 Bf5 5. Bc4 e6 6. O-O Nf6 7. d4 c6 8.
Bf4 Be7 9. Qd2 Nbd7 10. Rfe1 O-O 11. Rab1 Nb6 12. Bd3 Bxd3 13. Qxd3 Nbd5 14.
Nxd5 cxd5 15. c4 dxc4 16. Qxc4 Nd5 17. Bd2 Rc8 18. Qb3 Qb6 19. Qd3 Rfd8 20. Ng5
Bxg5 21. Bxg5 Rd7 22. Re4 Ne7 23. h3 Ng6 24. b4 h6 25. Be3 Qd6 26. Qd2 e5 27.
Rd1 Qd5 28. f3 f5 29. Rxe5 Nxe5 30. dxe5 Qxd2 31. Bxd2 Rc2 32. Kh2 Rdxd2 33.
Rg1 f4 34. h4 Kf7 35. Kh3 Ke6 36. Re1 Rxg2 37. a4 Rg3# 0-1